• 首页
  • 本馆介绍
  • 公告通知
  • 最新文献
  • 馆藏检索
  • 电子资源
  • 读者导购
  • 参考咨询
  • 我的图书馆
  • 登录
  • 详细信息显示
  • 放入我的书架
  • 预约/预借图书
  • 作者相关作品
  • 分类相关作品
  • 丛书相关作品
  • 出版社相关作品

书目信息

  • 表格格式
  • 工作单格式
  • 卡片格式
题名:
英语教学设计理论及单元化教学设计案例
    
 
作者: 李彪, , 何秀英, 著
分册:  
出版信息: 北京   中国商务出版社  2022.01
页数: 172页
开本: 24cm
丛书名:
单 册:
中图分类: G633.412
科图分类:
主题词: 英语课--ying yu ke--教学设计--中学
电子资源:
ISBN: 978-7-5103-3649-2
000 01187nam0 2200265 450
001 012001001143
005 20140201113046.0
010    @a978-7-5103-3649-2@dCNY79.00
099    @aCAL 012022039130
100    @a20220905d2022 em y0chiy50 ea
101 0  @achi@aeng
102    @aCN@b110000
105    @aa a 000yy
106    @ar
200 1  @a英语教学设计理论及单元化教学设计案例@Aying yu jiao xue she ji li lun ji dan yuan hua jiao xue she ji an li@f李彪, 何秀英著
210    @a北京@c中国商务出版社@d2022.01
215    @a172页@c图@d24cm
320    @a有书目 (第170页)
330    @a本书共分两个部分对研究主题进行说明。第一部分是第一章、第二章以及第三章, 这三章对英语教学设计的理论知识进行了深入的认识与分析, 包括教学设计的基本内涵、中学教学设计的基本内涵、教学目标设计、教学策略设计、教学模式设计以及单元视角下的英语教学设计分析等内容 ; 第二部分对七年级、八年级和九年级的英语教学设计实例进行了介绍, 将英语教学设计实例以表格的形式呈现给读者。
606 0  @a英语课@Aying yu ke@x教学设计@x中学
690    @aG633.412@v5
701  0 @a李彪,@Ali biao@f1975-@4著
701  0 @a何秀英,@Ahe xiu ying@f1977-@4著
801  0 @aCN@bAHXH@c20221111
905    @b1365749-53@dG633.412@e1033@f5
    
    英语教学设计理论及单元化教学设计案例/李彪, 何秀英著.-北京:中国商务出版社,2022.01
    172页:图;24cm
    
    
    ISBN 978-7-5103-3649-2:CNY79.00
    本书共分两个部分对研究主题进行说明。第一部分是第一章、第二章以及第三章, 这三章对英语教学设计的理论知识进行了深入的认识与分析, 包括教学设计的基本内涵、中学教学设计的基本内涵、教学目标设计、教学策略设计、教学模式设计以及单元视角下的英语教学设计分析等内容 ; 第二部分对七年级、八年级和九年级的英语教学设计实例进行了介绍, 将英语教学设计实例以表格的形式呈现给读者。
●
相关链接 在E读中查询图书 在五车中查询图书 在当当中查询图书 在豆瓣中查询图书


正题名:英语教学设计理论及单元化教学设计案例     索取号:G633.412/1033         预约/预借

序号 登录号 条形码 馆藏地/架位号 状态 备注
1 1365749   213657498   第一样本阅览室/ [索取号:G633.412/1033] 在馆    
2 1365750   213657504   教育系资料室/ [索取号:G633.412/1033] 在馆    
3 1365751   213657513   教育系资料室/ [索取号:G633.412/1033] 在馆    
4 1365752   213657522   第四借阅区/ [索取号:G633.412/1033] 在馆    
5 1365753   213657531   第四借阅区/ [索取号:G633.412/1033] 在馆    
唐山师范学院图书馆 欢迎您!
大连网信软件有限公司© 版权所有